滋賀県の戦前市制・町制 - Statistics

General Stats
  • This quiz has been taken 103 times
  • The average score is 26 of 32
Answer Stats
施行日 施行内容 所属郡 回答 % Correct
1898.10.01 市制 (市) 大津市
98%
1923.11.15 町制 坂田郡 米原町
98%
1895.06.22 町制 栗太郡 草津町
96%
1937.02.11 市制 (市) 彦根市
96%
1889.04.01 町制 神崎郡 八日市町
94%
1894.08.18 町制 甲賀郡 水口町
94%
1911.10.17 町制 野洲郡 野洲町
94%
1943.04.01 市制 (市) 長浜市
94%
1889.04.01 町制 滋賀郡 大津町
92%
1889.04.01 町制 蒲生郡 八幡町
92%
1889.04.01 町制 犬上郡 彦根町
92%
1889.04.01 町制 坂田郡 長浜町
91%
1904.02.01 町制 野洲郡 守山町
91%
1909.10.01 町制 愛知郡 愛知川町
91%
1906.12.26 町制 高島郡 今津町
87%
1889.04.01 町制 蒲生郡 日野町
85%
1901.11.20 町制 滋賀郡 膳所町
85%
1940.12.10 町制 東浅井郡 虎姫町
83%
1942.02.11 町制 神崎郡 能登川町
83%
1918.02.01 町制 伊香郡 木之本町
79%
1941.11.03 町制 犬上郡 多賀町
79%
1930.01.01 町制 滋賀郡 石山町
77%
1903.06.01 町制 甲賀郡 石部町
75%
1901.11.20 町制 滋賀郡 堅田町
74%
1916.04.01 町制 甲賀郡 土山町
70%
1942.01.01 町制 甲賀郡 貴生川町
70%
1927.01.01 町制 栗太郡 瀬田町
68%
1940.02.11 町制 高島郡 安曇町
66%
1921.08.15 町制 甲賀郡 長野町
57%
1912.09.10 町制 犬上郡 高宮町
36%
1942.02.11 町制 甲賀郡 寺庄町
36%
1902.11.01 町制 高島郡 大溝町
32%
No matching quizzes found
Score Distribution
Percent of People with Each Score
Percentile by Number Answered
Your Score History
You have not taken this quiz